[Event "CHN Team Women 2016"]
[Site "Wuxi CHN"]
[Date "2016.07.28"]
[Round "1.1"]
[Board "1"]
[White "Li, Xueyi"]
[Black "Ju, Wenjun"]
[Result "0-1"]
[BlackTitle "GM"]
[WhiteElo "2176"]
[BlackElo "2578"]
[WhiteTeam "Guangdong"]
[BlackTeam "Shanghai"]
[WhiteFideId "8605912"]
[BlackFideId "8603006"]
[EventDate "2016.07.28"]

1. d4 Nf6 2. c4 e6 3. g3 d5 4. Bg2 dxc4 5. Nf3 Bb4+ 6. Bd2 a5 7. O-O O-O 8. Qc2
Bxd2 9. Nbxd2 b5 10. a4 c6 11. e4 Na6 12. e5 Nd5 13. Ne4 Bd7 14. Neg5 g6 15. h4
c5 16. axb5 Bxb5 17. Rfd1 Nab4 18. Qd2 Nd3 19. h5 cxd4 20. Nxd4 Qb6 21. Ngf3 Kg7
22. Bf1 a4 23. Kg2 Bd7 24. Bxd3 cxd3 25. Rh1 Qb4 26. Qg5 h6 27. Qc1 g5 28. Ra3
Rac8 29. Qb1 g4 30. Qxd3 gxf3+ 31. Nxf3 Bb5 32. Qb1 Qc5 33. Rh4 Qc1 0-1

[Event "CHN Team Women 2016"]
[Site "Wuxi CHN"]
[Date "2016.07.28"]
[Round "1.1"]
[Board "2"]
[White "Ni, Shiqun"]
[Black "Liu, Manli"]
[Result "1/2-1/2"]
[WhiteTitle "WGM"]
[WhiteElo "2389"]
[BlackElo "2035"]
[WhiteTeam "Shanghai"]
[BlackTeam "Guangdong"]
[WhiteFideId "8608466"]
[BlackFideId "8608121"]
[EventDate "2016.07.28"]

1. e4 c5 2. Nf3 Nc6 3. Bb5 g6 4. Bxc6 dxc6 5. d3 Bg7 6. O-O Nf6 7. Nc3 O-O 8. a4
b6 9. h3 Nd7 10. Be3 e5 11. Qd2 Re8 12. Bh6 Nf8 13. Ne2 Qc7 14. Nh2 Bxh6 15.
Qxh6 f6 16. f4 exf4 17. Rxf4 Qg7 18. Qxg7+ Kxg7 19. Raf1 f5 20. Ng3 Ne6 21. R4f2
f4 22. Ne2 g5 23. h4 h6 24. hxg5 hxg5 25. g3 fxg3 26. Rf7+ Kg8 27. Ng4 Ng7 28.
Nh6+ Kh7 29. Nxg3 Be6 30. Rc7 Rec8 31. Rb7 Rcb8 32. Rxb8 Rxb8 33. Nf7 Kg6 34.
Ne5+ Kh7 35. Nxc6 Re8 36. b3 a6 37. Rf6 Bg8 38. Nf5 Re6 39. Rxe6 Bxe6 40. Nxg7
Kxg7 41. Kf2 Kf6 42. Ke3 Bd7 43. Nb8 Bc8 44. Nc6 Bd7 1/2-1/2

[Event "CHN Team Women 2016"]
[Site "Wuxi CHN"]
[Date "2016.07.28"]
[Round "1.1"]
[Board "3"]
[White "Chen, Junping"]
[Black "Zhang, Xiaowen"]
[Result "1/2-1/2"]
[BlackTitle "WGM"]
[WhiteElo "1817"]
[BlackElo "2364"]
[WhiteTeam "Guangdong"]
[BlackTeam "Shanghai"]
[WhiteFideId "8607001"]
[BlackFideId "8603219"]
[EventDate "2016.07.28"]

1. d4 Nf6 2. c4 c5 3. d5 e6 4. Nc3 exd5 5. cxd5 d6 6. e4 g6 7. Nf3 Bg7 8. g3 O-O
9. Bg2 b5 10. e5 dxe5 11. Bg5 Ba6 12. Ne4 Qa5+ 13. Qd2 Qxd2+ 14. Nfxd2 Nxe4 15.
Nxe4 Nd7 16. Be7 Rfc8 17. Rc1 c4 18. O-O Rab8 19. Rfd1 f5 20. Ng5 e4 21. Rc2 b4
22. Bf1 Bb5 23. d6 Ba4 24. b3 cxb3 25. Rxc8+ Rxc8 26. axb3 Bxb3 27. Rb1 Bd5 28.
Bb5 Ne5 29. Rd1 Bb3 30. d7 Nxd7 31. Bxd7 Bxd1 32. Be6+ Kh8 33. Nf7+ Kg8 34. Nd6+
Kh8 35. Nf7+ Kg8 1/2-1/2

[Event "CHN Team Women 2016"]
[Site "Wuxi CHN"]
[Date "2016.07.28"]
[Round "1.2"]
[Board "1"]
[White "Zhao, Xue"]
[Black "Xu, Fei"]
[Result "1-0"]
[WhiteTitle "GM"]
[WhiteElo "2510"]
[BlackElo "1937"]
[WhiteTeam "Beijing Beiao"]
[BlackTeam "Heilongjiang Qipai"]
[WhiteFideId "8601283"]
[BlackFideId "8606099"]
[EventDate "2016.07.28"]

1. d4 d5 2. c4 c6 3. Nc3 Nf6 4. e3 Bf5 5. cxd5 cxd5 6. Qb3 Bc8 7. Nf3 Nc6 8. Ne5
e6 9. Bb5 Qc7 10. Bd2 Bd6 11. f4 O-O 12. Rc1 a6 13. Bd3 Bd7 14. Na4 b5 15. Nc5
Bxc5 16. Rxc5 Rac8 17. O-O Qb7 18. Nf3 Ne7 19. Bb4 Nc6 20. Rfc1 Ne4 21. Bxe4
dxe4 22. Ng5 Nxb4 23. Qxb4 h6 24. Nh3 e5 25. fxe5 Bxh3 26. gxh3 Qd7 27. Qe1 Qxh3
28. Qg3 Qd7 29. Qf4 Rxc5 30. Rxc5 Rc8 31. Rxc8+ Qxc8 32. Kg2 Qc2+ 33. Qf2 Qd3
34. Kg3 Qd1 35. Kf4 g5+ 36. Kxe4 Qb1+ 37. Kd5 Qxa2+ 38. Kc5 Qc4+ 39. Kb6 b4 40.
Qf6 Qb3 41. Qxh6 Qxe3 42. Qd6 Qd2 43. b3 Qc3 44. Qd8+ Kh7 45. Qd5 Kg7 46. Kxa6
Qh3 47. e6 fxe6 48. Qxg5+ Kf7 49. Qf4+ Ke7 50. Qc7+ Kf6 51. Qg3 Qf1+ 52. Kb6 Qc1
53. Qe5+ Kg6 54. Qxe6+ 1-0

[Event "CHN Team Women 2016"]
[Site "Wuxi CHN"]
[Date "2016.07.28"]
[Round "1.2"]
[Board "2"]
[White "Hu, Yu A."]
[Black "Wang, Jue"]
[Result "0-1"]
[BlackTitle "WGM"]
[WhiteElo "1934"]
[BlackElo "2381"]
[WhiteTeam "Heilongjiang Qipai"]
[BlackTeam "Beijing Beiao"]
[WhiteFideId "8609993"]
[BlackFideId "8604070"]
[EventDate "2016.07.28"]

1. e4 c5 2. Nf3 d6 3. d4 cxd4 4. Nxd4 Nf6 5. Nc3 a6 6. g3 e6 7. Bg2 Be7 8. O-O
O-O 9. Be3 Qc7 10. f4 Nc6 11. Nb3 b5 12. a3 Bb7 13. g4 Nd7 14. g5 Rfe8 15. Qh5
g6 16. Qh6 Bf8 17. Qh4 Bg7 18. Rf3 Na5 19. Rh3 Nf8 20. Nd4 Nc4 21. Bf2 Nxb2 22.
f5 exf5 23. exf5 Bxg2 24. Kxg2 Nc4 25. Kg1 Qb7 26. f6 Bh8 27. Rd1 Rac8 28. Nf3
Nb2 29. Re1 Rxe1+ 30. Bxe1 Rc4 31. Nd4 h5 32. gxh6 Nh7 33. Re3 Rc8 34. Re7 Qb6 0-1

[Event "CHN Team Women 2016"]
[Site "Wuxi CHN"]
[Date "2016.07.28"]
[Round "1.2"]
[Board "3"]
[White "Wang, Yu A."]
[Black "Jiang, Zhaoyi"]
[Result "1-0"]
[WhiteTitle "IM"]
[BlackTitle "WCM"]
[WhiteElo "2359"]
[BlackElo "1835"]
[WhiteTeam "Beijing Beiao"]
[BlackTeam "Heilongjiang Qipai"]
[WhiteFideId "8601097"]
[BlackFideId "8611050"]
[EventDate "2016.07.28"]

1. d4 Nf6 2. Nf3 d5 3. Bf4 e6 4. e3 Be7 5. Nbd2 O-O 6. Bd3 Nbd7 7. h3 c5 8. c3
b6 9. Ne5 Bb7 10. Qf3 Qc8 11. g4 Nxe5 12. Bxe5 Nd7 13. Bg3 f6 14. Qe2 Re8 15. f4
Bd6 16. O-O Rf8 17. Nf3 c4 18. Bc2 f5 19. g5 g6 20. h4 Kg7 21. Kg2 Rh8 22. h5
Qc7 23. Rh1 Rag8 24. Rh3 Qc8 25. Rah1 Qf8 26. Kf1 Bc6 27. Qh2 Qf7 28. hxg6 Qxg6
29. Rh6 Qe8 30. Rxh7+ Rxh7 31. Qxh7+ Kf8 32. Kf2 Qg6 33. Qh3 Qg7 34. Qg2 Rh8 35.
Nh4 Ke8 36. Rh3 Qg8 37. Qh2 Be7 38. Bd1 Kd8 39. Ng2 Rxh3 40. Qxh3 Nf8 41. Qh6
Be8 42. Nh4 Bf7 1-0

[Event "CHN Team Women 2016"]
[Site "Wuxi CHN"]
[Date "2016.07.28"]
[Round "1.3"]
[Board "1"]
[White "Zhou, Zirun"]
[Black "Shen, Yang"]
[Result "0-1"]
[BlackTitle "IM"]
[WhiteElo "1938"]
[BlackElo "2477"]
[WhiteTeam "Shanxi Huxiaoling"]
[BlackTeam "Jiangsu Lvyang"]
[WhiteFideId "8610975"]
[BlackFideId "8603162"]
[EventDate "2016.07.28"]

1. e4 e5 2. Nf3 Nc6 3. Bb5 a6 4. Ba4 Nge7 5. O-O g6 6. c3 Bg7 7. d4 b5 8. Bb3
exd4 9. cxd4 d6 10. h3 O-O 11. Nc3 Na5 12. Bc2 Bb7 13. Re1 c5 14. Bf4 Nc4 15.
Rb1 Rc8 16. a4 b4 17. Ne2 a5 18. Bd3 Nb6 19. b3 d5 20. exd5 Nexd5 21. Be5 c4 22.
bxc4 Nxc4 23. Bxg7 Kxg7 24. Nd2 Nxd2 25. Qxd2 Re8 26. Rbc1 Qf6 27. Bc4 Nc3 28.
Bb5 Nxb5 29. axb5 Qf5 30. b6 Qb5 31. Rxc8 Bxc8 32. Ng3 Rxe1+ 33. Qxe1 Bb7 34.
Nf1 Qd5 35. Qe5+ Qxe5 36. dxe5 a4 37. Nd2 a3 38. Nb3 Bd5 39. Na1 a2 40. Kh2 Kf8
41. Kg3 Ke7 42. Kf4 Kd7 43. Ke3 b3 0-1

[Event "CHN Team Women 2016"]
[Site "Wuxi CHN"]
[Date "2016.07.28"]
[Round "1.3"]
[Board "2"]
[White "Guo, Qi"]
[Black "Zhang, Xiao"]
[Result "1-0"]
[WhiteTitle "IM"]
[WhiteElo "2417"]
[BlackElo "1877"]
[WhiteTeam "Jiangsu Lvyang"]
[BlackTeam "Shanxi Huxiaoling"]
[WhiteFideId "8604002"]
[BlackFideId "8610894"]
[EventDate "2016.07.28"]

1. c4 c5 2. Nf3 Nf6 3. Nc3 Nc6 4. e3 e6 5. d4 d5 6. a3 Ne4 7. Bd3 Nxc3 8. bxc3
Be7 9. O-O O-O 10. cxd5 exd5 11. dxc5 g6 12. Qc2 Bxc5 13. Rd1 Qc7 14. Bb2 Rd8
15. c4 d4 16. Be4 Bg4 17. Bd5 Bf5 18. Qc1 Ne7 19. Nxd4 Bxd4 20. Rxd4 Nxd5 21.
cxd5 Qxc1+ 22. Bxc1 Bd7 23. e4 Kg7 24. Bb2 Kf8 25. h3 Rac8 26. Rb4 b5 27. Bf6
Re8 28. e5 Rc5 29. Rh4 Kg8 30. Rd4 Rec8 31. g4 Rc1+ 32. Rxc1 Rxc1+ 33. Kg2 Kf8
34. Bd8 Rc3 35. Ba5 Rc1 36. Bb4+ Ke8 37. Kg3 Rg1+ 38. Kf4 h6 39. Rd3 Rc1 40. Ke3
Rc8 41. Rc3 Rxc3+ 42. Bxc3 a6 43. Kd4 g5 44. Kc5 1-0

[Event "CHN Team Women 2016"]
[Site "Wuxi CHN"]
[Date "2016.07.28"]
[Round "1.3"]
[Board "3"]
[White "Zhang, Yuxuan"]
[Black "Yuan, Ye"]
[Result "0-1"]
[WhiteElo "1864"]
[BlackElo "2175"]
[WhiteTeam "Shanxi Huxiaoling"]
[BlackTeam "Jiangsu Lvyang"]
[WhiteFideId "8610908"]
[BlackFideId "8608415"]
[EventDate "2016.07.28"]

1. e4 c5 2. Nf3 e6 3. d4 cxd4 4. Nxd4 Nc6 5. Nb5 d6 6. c4 a6 7. N5a3 Nf6 8. Nc3
b6 9. Be3 Bb7 10. Be2 Be7 11. O-O O-O 12. f3 Ne5 13. Qd2 Ned7 14. Rfd1 Qc7 15.
Rac1 Rac8 16. Bf1 Qb8 17. Nc2 Bd8 18. Kh1 Bc7 19. Bg1 Kh8 20. b4 Rg8 21. Na1 g5
22. Bd4 Rg6 23. Bd3 Ne5 24. Bxe5 dxe5 25. Nb3 g4 26. Qe3 Rcg8 27. Rg1 Bd8 28.
Rcf1 Qc7 29. Be2 g3 30. h3 Nh5 31. Rd1 Nf4 32. Bf1 0-1

[Event "CHN Team Women 2016"]
[Site "Wuxi CHN"]
[Date "2016.07.28"]
[Round "1.4"]
[Board "1"]
[White "Qiu, Mengjie"]
[Black "Du, Yuxin"]
[Result "1/2-1/2"]
[WhiteTitle "WFM"]
[WhiteElo "2231"]
[BlackElo "2086"]
[WhiteTeam "Zhejiang Feiao"]
[BlackTeam "Shenzhen Qiyuan"]
[WhiteFideId "8606137"]
[BlackFideId "8610282"]
[EventDate "2016.07.28"]

1. e4 c6 2. d4 d5 3. Nc3 dxe4 4. Nxe4 Bf5 5. Ng3 Bg6 6. h4 h6 7. Nf3 Nd7 8. h5
Bh7 9. Bd3 Bxd3 10. Qxd3 e6 11. Bd2 Ngf6 12. O-O-O Be7 13. Kb1 O-O 14. Ne4 Nxe4
15. Qxe4 Nf6 16. Qe2 Qd5 17. Be3 Rfd8 18. Ne5 c5 19. f3 cxd4 20. Bxd4 Qa5 21. g4
Nd5 22. c4 Nb4 23. a3 Nc6 24. Bc3 Qa4 25. f4 Nxe5 26. Bxe5 Rxd1+ 27. Rxd1 Rd8
28. Rxd8+ Bxd8 29. Qd3 Be7 30. Qd4 f6 31. Bb8 a6 32. Ba7 Kf7 33. Qd3 Qc6 34. Ka2
b5 35. cxb5 axb5 36. Bd4 Qd5+ 37. Ka1 Qh1+ 38. Ka2 Qd5+ 39. Ka1 Qh1+ 40. Qb1 Qf3
41. g5 Qxh5 42. gxf6 Bxf6 43. Be3 Qe2 44. Bc1 g6 45. f5 gxf5 46. Bxh6 Kg6 47.
Bf8 Kf7 48. Bb4 Bd4 49. Qc1 Be5 50. Bd2 Qd3 51. Ka2 Qd5+ 52. Ka1 Qb3 53. Kb1 f4
54. Bxf4 Qd3+ 55. Ka2 Bxf4 56. Qxf4+ Ke7 57. Qg5+ Kf7 58. Qh5+ Kf6 59. Qh8+ Kf7
60. Qh5+ Kf6 61. Qh8+ Kf7 62. Qh5+ Kf6 63. Qh6+ Kf7 64. Qf4+ Ke7 65. Qc7+ Ke8
66. Qe5 Qc4+ 67. Kb1 Kd7 68. Qg7+ Kd6 69. Qf8+ Kd5 70. Qd8+ Ke4 71. Qh4+ Kd3 72.
Qg3+ Kd4 73. Qf4+ Kd5 74. Qxc4+ Kxc4 75. Kc2 e5 76. b3+ Kd4 77. Kd2 e4 78. a4 1/2-1/2

[Event "CHN Team Women 2016"]
[Site "Wuxi CHN"]
[Date "2016.07.28"]
[Round "1.4"]
[Board "2"]
[White "Xu, Yuze"]
[Black "Zhu, Jiner"]
[Result "1-0"]
[WhiteElo "1820"]
[BlackElo "2177"]
[WhiteTeam "Shenzhen Qiyuan"]
[BlackTeam "Zhejiang Feiao"]
[WhiteFideId "8614466"]
[BlackFideId "8608059"]
[EventDate "2016.07.28"]

1. e4 c5 2. c3 d5 3. exd5 Qxd5 4. d4 Nc6 5. Nf3 Nf6 6. Na3 e6 7. Be3 cxd4 8. Nb5
Qd8 9. Nbxd4 Nd5 10. Bb5 Qc7 11. Ba4 a6 12. Nxc6 bxc6 13. Bd4 f6 14. O-O Bd7 15.
c4 Nb6 16. Bb3 c5 17. Bc3 Bd6 18. Qe2 O-O 19. Bc2 Rad8 20. Rad1 Bc8 21. Ba5 e5
22. Qd3 e4 23. Qxe4 f5 24. Qh4 h6 25. Rd3 Be6 26. Re1 Rf6 27. Rde3 Bf7 28. Rb3
Rb8 29. Bc3 Re6 30. Bxf5 Rxe1+ 31. Nxe1 Nxc4 32. Rxb8+ Qxb8 33. b3 Be5 34. Qh3
Nb6 35. Nc2 Nd5 36. Be1 Qd6 37. g3 Ne7 38. Ne3 Bd4 39. Bc2 Bxe3 40. fxe3 Qe5 41.
Bf2 c4 42. Qd7 g6 43. Qd4 Nc6 44. Qxe5 Nxe5 45. bxc4 Nxc4 46. Bb3 a5 47. e4 Ne5
48. Bb6 a4 49. Bxa4 Bxa2 50. Bc7 Nf3+ 51. Kg2 Ng5 52. Bc2 Kf7 53. Bf4 Ne6 54.
Bxh6 1-0

[Event "CHN Team Women 2016"]
[Site "Wuxi CHN"]
[Date "2016.07.28"]
[Round "1.4"]
[Board "3"]
[White "Huang, Mofei"]
[Black "Wan, Qian"]
[Result "1/2-1/2"]
[WhiteElo "1963"]
[BlackElo "1637"]
[WhiteTeam "Zhejiang Feiao"]
[BlackTeam "Shenzhen Qiyuan"]
[WhiteFideId "8609535"]
[BlackFideId "8614296"]
[EventDate "2016.07.28"]

1. d4 d5 2. Nf3 Nf6 3. c4 e6 4. e3 Be7 5. Nc3 O-O 6. Qc2 b6 7. b3 Bb7 8. Be2
Nbd7 9. O-O c5 10. Bb2 Rc8 11. Rac1 cxd4 12. exd4 Re8 13. Ne5 Nf8 14. Rfd1 Ng6
15. Qd2 Bb4 16. Qe3 Bxc3 17. Bxc3 Ne4 18. Bb4 Qf6 19. f3 Qf4 20. Qxf4 Nxf4 21.
Bf1 Nf6 22. c5 bxc5 23. dxc5 Ng6 24. c6 Ba8 25. Nxg6 hxg6 26. c7 Bb7 27. Bb5 a6
28. Bxe8 Nxe8 29. Ba5 Kf8 30. a4 Ke7 31. b4 Kd7 32. Rc5 Nxc7 33. Rdc1 Ne8 34.
Rxc8 Bxc8 35. b5 axb5 36. axb5 Bb7 37. Kf2 e5 38. Ke3 f6 39. Kd3 1/2-1/2

[Event "CHN Team Women 2016"]
[Site "Wuxi CHN"]
[Date "2016.07.28"]
[Round "1.5"]
[Board "1"]
[White "Yao, Lan"]
[Black "Xiao, Yiyi"]
[Result "1/2-1/2"]
[BlackTitle "WFM"]
[WhiteElo "2131"]
[BlackElo "2292"]
[WhiteTeam "Qingdao"]
[BlackTeam "Tianjing Chunhua"]
[WhiteFideId "8610835"]
[BlackFideId "8606161"]
[EventDate "2016.07.28"]

1. e4 e5 2. Nf3 Nc6 3. Bb5 Nf6 4. d3 Bc5 5. O-O Nd4 6. Nxd4 Bxd4 7. c3 Bb6 8.
Bg5 c6 9. Ba4 h6 10. Bh4 d6 11. Nd2 g5 12. Bg3 Bg4 13. Qe1 Nh5 14. Nc4 Nf4 15.
Bxf4 gxf4 16. Nxb6 Qxb6 17. Bd1 h5 18. h3 Bxd1 19. Qxd1 O-O-O 20. b4 Rdg8 21.
Kh2 Rg6 22. Qf3 Rhg8 23. Rg1 Kb8 24. a4 Rh6 25. a5 Qc7 26. Rad1 c5 27. bxc5 dxc5
28. d4 cxd4 29. cxd4 Qxa5 30. dxe5 Qxe5 31. Rd5 Qc7 32. Rxh5 Rxh5 33. Qxh5 a6
34. e5 Re8 35. Re1 Qd7 36. Qf3 Qf5 37. Re4 a5 38. Rxf4 Qxe5 39. g3 Re7 40. Rxf7
Rxf7 41. Qxf7 a4 42. h4 Ka7 43. h5 a3 44. h6 Qb2 45. h7 a2 46. Qxa2+ Qxa2 47.
h8=Q Qxf2+ 48. Kh3 Qf1+ 49. Kh2 Qf2+ 50. Kh3 b5 51. Qe5 Ka6 52. Qd6+ Qb6 53.
Qa3+ Kb7 54. Qb4 Qh6+ 55. Kg2 Kc6 56. g4 Qg5 57. Kf3 Qd5+ 58. Ke3 Kd7 59. Qd4
Qxd4+ 1/2-1/2

[Event "CHN Team Women 2016"]
[Site "Wuxi CHN"]
[Date "2016.07.28"]
[Round "1.5"]
[Board "2"]
[White "Zhang, Lanlin"]
[Black "Hong, Xing"]
[Result "1/2-1/2"]
[WhiteElo "2150"]
[BlackElo "2002"]
[WhiteTeam "Tianjing Chunhua"]
[BlackTeam "Qingdao"]
[WhiteFideId "8608032"]
[BlackFideId "8606129"]
[EventDate "2016.07.28"]

1. e4 c5 2. Bc4 Nc6 3. d3 Nf6 4. Nf3 d6 5. h3 h6 6. Be3 b6 7. Nc3 e6 8. d4 Be7
9. Bb5 Bd7 10. e5 dxe5 11. dxe5 Nh7 12. Qe2 O-O 13. O-O-O Qc7 14. Bf4 a6 15. Bd3
Nb4 16. Bxh7+ Kxh7 17. a3 Nd5 18. Nxd5 exd5 19. Rxd5 Be6 20. Rdd1 b5 21. Qe4+
Kg8 22. g4 b4 23. axb4 cxb4 24. Nd4 Rac8 25. Kb1 a5 26. g5 hxg5 27. Rhg1 Rfd8
28. Bxg5 Bxg5 29. Rxg5 Qc4 30. b3 Rxd4 31. Rxd4 Qf1+ 32. Kb2 a4 33. Qd3 a3+ 34.
Ka2 Qc1 35. Rd8+ Rxd8 36. Qxd8+ Kh7 37. Rxg7+ Kxg7 38. Qf6+ Kh7 39. Qh4+ Kg6 40.
Qf6+ Kh5 41. Qf3+ Kh6 42. Qf6+ Kh7 43. Qh4+ Qh6 44. Qxb4 Bxh3 45. Qxa3 Qd2 46.
Qc5 Be6 47. Kb2 Kg6 48. b4 Kf5 49. b5 Qd5 50. Qxd5 Bxd5 51. Kc3 Kxe5 52. Kb4 Kd6
53. c4 Bf3 54. c5+ Kd5 55. c6 Kd6 56. Ka5 Kc7 57. Ka6 Be2 58. Ka5 f5 59. Ka6 f4
60. Ka5 f3 61. Ka6 Bd3 1/2-1/2

[Event "CHN Team Women 2016"]
[Site "Wuxi CHN"]
[Date "2016.07.28"]
[Round "1.5"]
[Board "3"]
[White "Ha, Yihan"]
[Black "Liu, Hongyan"]
[Result "0-1"]
[WhiteElo "1355"]
[BlackElo "2071"]
[WhiteTeam "Qingdao"]
[BlackTeam "Tianjing Chunhua"]
[WhiteFideId "8617120"]
[BlackFideId "8604789"]
[EventDate "2016.07.28"]

1. d4 d5 2. c4 e6 3. Nc3 Nf6 4. cxd5 exd5 5. Bg5 Be7 6. e3 Nbd7 7. Bd3 Nf8 8.
Nf3 c6 9. O-O Bg4 10. h3 Bh5 11. Rb1 Ne6 12. Bxf6 Bxf6 13. b4 O-O 14. Be2 Re8
15. Qb3 Bxf3 16. Bxf3 Ng5 17. Be2 Qd6 18. h4 Ne4 19. Nxe4 Rxe4 20. g3 Rae8 21.
Bf3 R4e7 22. b5 g5 23. hxg5 Bxg5 24. Kg2 Re6 25. bxc6 bxc6 26. Qb4 Qd8 27. Rh1
Rg6 28. Qc5 Qc7 29. Rh3 Qd7 30. Qb4 Rf6 31. Rh5 Qf5 32. Kg1 Qxf3 33. Rxg5+ Kh8
34. Qd2 Rh6 0-1

[Event "CHN Team Women 2016"]
[Site "Wuxi CHN"]
[Date "2016.07.28"]
[Round "1.6"]
[Board "1"]
[White "Zhai, Mo"]
[Black "Ning, Kaiyu"]
[Result "1/2-1/2"]
[WhiteTitle "WGM"]
[WhiteElo "2355"]
[BlackElo "1820"]
[WhiteTeam "Hebei Ticai"]
[BlackTeam "Henan Qixie"]
[WhiteFideId "8600201"]
[BlackFideId "8614750"]
[EventDate "2016.07.28"]

1. c4 e6 2. Nf3 d5 3. d4 c6 4. Qc2 Nd7 5. g3 b6 6. Bg2 Bb7 7. O-O Ngf6 8. Nbd2
Bd6 9. b3 O-O 10. Bb2 Qe7 11. e4 Nxe4 12. Nxe4 dxe4 13. Qxe4 Nf6 14. Qh4 Nd7 15.
Qe4 Nf6 16. Qc2 h6 17. Rfe1 Qc7 18. Rac1 Nd7 19. c5 bxc5 20. dxc5 Be7 21. Ne5
Nxe5 22. Bxe5 Qa5 23. b4 Qxb4 24. Rb1 Qa5 25. Re4 Ba6 26. Ra4 Bd3 27. Rxa5 Bxc2
28. Rb7 Rfd8 29. Bf3 Bf8 30. Kg2 f6 31. Bc7 Rd4 32. Bxc6 Rc4 33. Bf3 Bxc5 34.
Bb8 Bb4 35. Rab5 a5 36. R7b6 Be4 37. Rxe6 Bxf3+ 38. Kxf3 Rc8 39. Bf4 Rc3+ 40.
Re3 Rac8 41. Rb8 Rxb8 42. Rxc3 Bxc3 43. Bxb8 Kf7 44. Ke4 Ke6 45. g4 Be5 46. Bxe5
fxe5 47. h4 g6 48. Ke3 Kd5 49. f3 Kd6 50. Ke4 Ke6 51. Ke3 Kd6 52. Kd3 Kd5 53.
Ke3 Kd6 54. Kd3 Kd5 55. Kc3 Kc5 56. Kd3 Kd5 57. Ke3 Kd6 58. Ke4 Ke6 59. h5 gxh5
60. gxh5 Kf6 61. a3 a4 62. f4 exf4 63. Kxf4 Ke6 64. Ke4 Kf6 65. Kf4 Ke6 66. Ke4
Kf6 67. Kd4 1/2-1/2

[Event "CHN Team Women 2016"]
[Site "Wuxi CHN"]
[Date "2016.07.28"]
[Round "1.6"]
[Board "2"]
[White "Cai, Youyang"]
[Black "Wang, Doudou"]
[Result "1/2-1/2"]
[BlackTitle "WIM"]
[WhiteElo "1791"]
[BlackElo "2214"]
[WhiteTeam "Henan Qixie"]
[BlackTeam "Hebei Ticai"]
[WhiteFideId "8616930"]
[BlackFideId "8603197"]
[EventDate "2016.07.28"]

1. e4 e5 2. Nf3 Nc6 3. Bb5 a6 4. Ba4 Nge7 5. O-O g6 6. c3 Bg7 7. d4 exd4 8. cxd4
b5 9. Bc2 d6 10. Be3 O-O 11. Nbd2 Bb7 12. Nb3 Nb4 13. Na5 Nxc2 14. Qxc2 Rb8 15.
Nxb7 Rxb7 16. d5 Qd7 17. Nd4 Rbb8 18. Rac1 Rfc8 19. b3 Ra8 20. Nc6 Nxc6 21. Qxc6
Qe7 22. f3 f5 23. Rfe1 fxe4 24. Bf2 Qf7 25. Rxe4 Re8 26. Rce1 Kf8 27. Rxe8+ Rxe8
28. Rxe8+ Qxe8 29. Qxc7 Qe5 30. Qd8+ Kf7 31. Qd7+ Kf8 32. Qd8+ Kf7 33. Qd7+ Kf8
34. Qd8+ 1/2-1/2

[Event "CHN Team Women 2016"]
[Site "Wuxi CHN"]
[Date "2016.07.28"]
[Round "1.6"]
[Board "3"]
[White "Yang, Yijing"]
[Black "Bai, Xue"]
[Result "1-0"]
[WhiteTitle "WCM"]
[WhiteElo "1985"]
[BlackElo "1762"]
[WhiteTeam "Hebei Ticai"]
[BlackTeam "Henan Qixie"]
[WhiteFideId "8608601"]
[BlackFideId "8608717"]
[EventDate "2016.07.28"]

1. d4 Nf6 2. c4 g6 3. Nc3 Bg7 4. e4 d6 5. f3 O-O 6. Be3 e5 7. d5 Ne8 8. Qd2 f5
9. exf5 Bxf5 10. Bd3 Bxd3 11. Qxd3 Nf6 12. Nge2 Nh5 13. O-O Nd7 14. Ne4 Bf6 15.
b4 b6 16. Rac1 Be7 17. c5 dxc5 18. bxc5 Ndf6 19. Rfd1 Nxe4 20. Qxe4 Bf6 21. Nc3
Qd7 22. d6 cxd6 1-0

[Event "CHN Team Women 2016"]
[Site "Wuxi CHN"]
[Date "2016.07.28"]
[Round "1.7"]
[Board "1"]
[White "Xie, Libeilei"]
[Black "Ren, Xiaoyi"]
[Result "0-1"]
[WhiteElo "1534"]
[BlackElo "2202"]
[WhiteTeam "Shaanxi"]
[BlackTeam "Chengdu"]
[WhiteFideId "8610762"]
[BlackFideId "8608709"]
[EventDate "2016.07.28"]

1. e4 c5 2. Nf3 g6 3. d4 cxd4 4. Nxd4 Bg7 5. Nc3 Nc6 6. Be3 Nf6 7. f3 O-O 8. Qd2
d5 9. Nxc6 bxc6 10. O-O-O Be6 11. e5 Nd7 12. f4 Qa5 13. Kb1 Rab8 14. Ne2 Qxd2
15. Rxd2 c5 16. c3 f6 17. exf6 Bxf6 18. Ka1 Rfc8 19. Rd1 Nb6 20. Nc1 d4 21. cxd4
cxd4 22. Bf2 Na4 23. Nb3 d3 24. Kb1 Rc2 25. Be1 Rxb2+ 26. Kc1 Rc8+ 0-1

[Event "CHN Team Women 2016"]
[Site "Wuxi CHN"]
[Date "2016.07.29"]
[Round "2.1"]
[Board "1"]
[White "Ju, Wenjun"]
[Black "Xiao, Yiyi"]
[Result "1/2-1/2"]
[WhiteTitle "GM"]
[BlackTitle "WFM"]
[WhiteElo "2578"]
[BlackElo "2292"]
[WhiteTeam "Shanghai"]
[BlackTeam "Tianjing Chunhua"]
[WhiteFideId "8603006"]
[BlackFideId "8606161"]
[EventDate "2016.07.28"]

1. c4 e5 2. Nc3 Nf6 3. Nf3 d6 4. g3 Be7 5. Bg2 O-O 6. d4 Nc6 7. h3 Re8 8. O-O h6
9. e4 exd4 10. Nxd4 Nxd4 11. Qxd4 c6 12. Be3 Qa5 13. Rac1 Nd7 14. b3 Nc5 15. Qd2
Qb4 16. Nd5 Qxd2 17. Nxe7+ Rxe7 18. Bxd2 Bd7 19. f3 f5 20. Bf4 Nd3 21. Rcd1 Nxf4
22. gxf4 Re6 23. c5 d5 24. exd5 cxd5 25. Rxd5 Bc6 26. Rxf5 Rae8 27. Rf2 g6 28.
Re5 Rxe5 29. fxe5 Rxe5 30. Rc2 g5 31. Kf2 Kf7 32. b4 Kf6 33. Bf1 a6 34. Rd2 Rf5
35. Be2 h5 36. Rd6+ Ke7 37. Ke3 Rf4 38. Rd4 Rf6 39. f4 gxf4+ 40. Rxf4 Re6+ 41.
Kd2 Re5 42. Rh4 Be8 43. Bf3 Rf5 44. Ke3 Bc6 45. Bxh5 Rf1 46. Be2 Re1 47. Kd2 Ra1
48. Bc4 Kf6 49. Rf4+ Ke5 50. Rf1 Rxf1 51. Bxf1 Kd4 52. h4 a5 53. a3 axb4 54.
axb4 Be4 55. h5 Bf3 56. h6 Be4 57. Bg2 1/2-1/2

[Event "CHN Team Women 2016"]
[Site "Wuxi CHN"]
[Date "2016.07.29"]
[Round "2.1"]
[Board "2"]
[White "Zhang, Lanlin"]
[Black "Ni, Shiqun"]
[Result "0-1"]
[BlackTitle "WGM"]
[WhiteElo "2150"]
[BlackElo "2389"]
[WhiteTeam "Tianjing Chunhua"]
[BlackTeam "Shanghai"]
[WhiteFideId "8608032"]
[BlackFideId "8608466"]
[EventDate "2016.07.28"]

1. e4 e5 2. Nf3 Nf6 3. Nxe5 d6 4. Nf3 Nxe4 5. d4 d5 6. Bd3 Nc6 7. O-O Be7 8. c4
Nb4 9. Be2 O-O 10. a3 Nc6 11. cxd5 Qxd5 12. Nc3 Nxc3 13. bxc3 Bf5 14. Bf4 Rac8
15. h3 h6 16. Nd2 Na5 17. Bf3 Qd7 18. Nb3 Nxb3 19. Qxb3 b6 20. Rfd1 Bd6 21. Be3
Rfe8 22. c4 Qe6 23. Bd5 Qg6 24. c5 bxc5 25. dxc5 Be5 26. Bd4 c6 27. Bc4 Rb8 28.
Qc3 Bc7 29. Re1 Be4 30. Bf1 a5 31. Qc4 Qg5 32. Qc1 Qg6 33. a4 Re6 34. Qc3 Rb4
35. Qd2 Rb8 36. Bc3 Rd8 37. Qb2 Qg5 38. Qb7 Re7 39. Qxc7 Rxc7 40. Be5 0-1